000 00238nam a2200097Ia 4500
001 853899
005 20250826174541.0
008 250824s9999 xx 000 0 und d
245 0 _aAŞKA LAYLA
_cYELİZ PESENKURDU
260 _bDESTEK YAYINLARI
999 _c853899
_d853899